ნორმალური ფორმატი
MARC ფორმატი
ჩანაწერი Corporate Name
ჩანაწერთა რაოდენობა, რომელიც გამოყენებულია: 1
001 - CONTROL NUMBER
- control field: 23070
003 - CONTROL NUMBER IDENTIFIER
- control field: GE_BSU
005 - DATE AND TIME OF LATEST TRANSACTION
- control field: 20240812160729.0
008 - FIXED-LENGTH DATA ELEMENTS
- fixed length control field: 240812|| aca||aabn | a|a d
040 ## - CATALOGING SOURCE
- Original cataloging agency: GE_BSU
- Transcribing agency: GE_BSU
110 ## - HEADING--CORPORATE NAME
- Corporate name or jurisdiction name as entry element: თსუ
- Subordinate unit: ახ. ქართ. ლიტ. ისტორიის კათედრა, ვაჟას კაბინეტი, ილიას კაბინეტი, აკაკის კაბინეტი.
670 ## - SOURCE DATA FOUND
- Source citation: Work cat.: (GE_BSU)46175: კიკნაძე, გრიგოლ 15204, თხზულებანი : 5 ტომად. ტ. 5 /
